Eintracht Frankfurt Squad 2025-2026 - Statistics

General Stats
  • This quiz has been taken 202 times
    57 since last reset
  • The average score is 21 of 35
Answer Stats
# Position Nation Player % Correct
3 DF Belgium Arthur Theate
89%
15 MF Tunisia Ellyes Skhiri
89%
4 DF Germany Robin Koch
89%
16 MF Sweden Hugo Larsson
82%
40 GK Brazil Kauã Santos
82%
23 GK Germany Michael Zetterer
82%
20 FW Japan Ritsu Dōan
82%
9 FW Germany Jonathan Burkardt
80%
8 MF Algeria Farès Chaïbi
77%
13 DF Denmark Rasmus Kristensen
77%
18 MF Syria Mahmoud Dahoud
75%
34 DF Germany Nnamdi Collins
75%
6 MF Denmark Oscar Højlund
73%
5 DF Switzerland Aurèle Amenda
70%
27 MF Germany Mario Götze
70%
25 FW France Arnaud Kalimuendo
68%
42 MF Turkey Can Uzun
68%
- Coach Spain Albert Riera
66%
19 FW France Jean-Mattéo Bahoya
66%
21 DF Germany Nathaniel Brown
66%
7 FW Germany Ansgar Knauff
64%
- Coach Germany Dino Toppmöller
64%
30 FW Belgium Michy Batshuayi
57%
24 DF Portugal Aurélio Buta
55%
17 FW France Elye Wahi
52%
22 DF United States Timothy Chandler
48%
11 FW Germany Younes Ebnoutalib
48%
2 DF Germany Elias Baum
43%
33 GK Germany Jens Grahl
39%
29 FW Morocco Ayoube Amaimouni-Echghouyab
30%
31 MF Sweden Love Arrhov
27%
26 DF Japan Keita Kosugi
25%
- Coach Germany Dennis Schmitt
18%
47 MF Hungary Noah Fenyö
16%
32 FW Germany Jessic Ngankam
11%
No matching quizzes found
Score Distribution
Percent of People with Each Score
Percentile by Number Answered
Your Score History
You have not taken this quiz since the last reset